| Поле | Название | Значение |
| |
Тип записи |
a |
| |
Библиографический уровень |
m |
| 001 |
Контрольный номер |
RU\NLR\BIBL_A\010765804 |
| 005 |
Дата корректировки |
20201206205036.6 |
| 010 |
Индекс ISBN |
__ |
| a |
ISBN |
978-5-91768-583-0 (НОРМА) |
| 010 |
Индекс ISBN |
__ |
| a |
ISBN |
978-5-16-010618-2 (ИНФРА-М, print) |
| 010 |
Индекс ISBN |
__ |
| a |
ISBN |
978-5-16-102634-2 (ИНФРА-М, online) |
| d |
Цена |
324-00 |
| 100 |
Данные общей обработки |
__ |
| a |
Данные общей обработки |
19170120d2015||||||| 0rusy0189 ca |
| 101 |
Язык документа |
0_ |
| a |
Язык текста |
rus |
| 102 |
Страна публикации |
__ |
| a |
Страна публикации |
RU| |
| 105 |
Кодированные данные (монография) |
__ |
| a |
Кодированные данные (монография) |
y|||z|||000zy |
| 200 |
Заглавие и сведения об ответственности |
1_ |
| a |
Заглавие |
Цивилизация права и развитие России |
| f |
Первые сведения об ответственности |
В. Д. Зорькин |
| b |
Общее обозначение материала |
Текст |
| 210 |
Выходные данные |
__ |
| a |
Место издания |
Москва |
| c |
Издательство |
Норма |
| c |
Издательство |
ИНФРА-М |
| d |
Дата издания |
2015 |
| 215 |
Физическое описание |
__ |
| a |
Объем |
319 с. |
| d |
Формат |
22 см |
| 300 |
Общие примечания |
__ |
| a |
Общие примечания |
На обороте тит. л. авт.: В. Д. Зорькин, д.ю.н., проф., засл. юрист Рос. Федерации |
| 300 |
Общие примечания |
__ |
| a |
Общие примечания |
300 экз. |
| 320 |
Библиография |
__ |
| a |
Библиография |
Библиогр. в подстроч. примеч. |
| 330 |
Аннотация |
__ |
| a |
Аннотация |
В книге рассматриваются процессы функционирования и развития права как необходимой нормативной формы социальной жизни человечества. Отмечая возрастающую роль права в соционормативной системе современного общества, автор вводит понятие "цивилизация права", или "правовая цивилизация". Основополагающие начала права модерна - равенство всех перед законом и судом, приоритет прав человека и верховенство правового закона, определившие направления модернизации правовой системы нашей страны, раскрываются сквозь призму уроков предшествующих попыток реформирования российского права и правосудия. Особое внимание уделяется анализу влияния социокультурных факторов на процессы правовой модернизации России. Автор отстаивает идеи исторической обусловленности права, связанные с необходимостью учета социально-культурного своеобразия России в процессе ее вхождения в формирующуюся в рамках глобального пространства современную цивилизацию права. Для профессиональных юристов и широкого круга читателей. |
| 606 |
Тематические рубрики |
__ |
| a |
Основная рубрика |
Право |
| 606 |
Тематические рубрики |
__ |
| a |
Основная рубрика |
Общая теория права |
| y |
Географическая подрубрика |
Российская Федерация |
| 610 |
Ключевые слова |
__ |
| a |
Ключевые слова |
цивилизация права |
| 610 |
Ключевые слова |
__ |
| a |
Ключевые слова |
верховенство права |
| a |
Ключевые слова |
государственно-правовая система |
| a |
Ключевые слова |
история права |
| a |
Ключевые слова |
нормы морали |
| a |
Ключевые слова |
нормы права |
| a |
Ключевые слова |
политика |
| a |
Ключевые слова |
правовая культура |
| a |
Ключевые слова |
правовая модернизация |
| a |
Ключевые слова |
правовые нормы |
| a |
Ключевые слова |
правовые системы |
| a |
Ключевые слова |
правопорядок |
| a |
Ключевые слова |
правосознание |
| a |
Ключевые слова |
правосудие |
| a |
Ключевые слова |
презумпция невиновности |
| a |
Ключевые слова |
принцип равенства |
| a |
Ключевые слова |
принципы права |
| a |
Ключевые слова |
развитие права |
| a |
Ключевые слова |
реформы права |
| a |
Ключевые слова |
система права |
| a |
Ключевые слова |
современное общество |
| a |
Ключевые слова |
социокультурные факторы |
| a |
Ключевые слова |
социология |
| a |
Ключевые слова |
судебная система |
| a |
Ключевые слова |
экономика |
| 686 |
Индексы других классификаций |
__ |
| 2 |
Код системы |
rubbks |
| a |
Классификационный индекс |
67.02 |
| 700 |
Автор |
_1 |
| a |
Фамилия |
Зорькин |
| b |
Имя |
В. Д. |
| c |
Титул (звания) |
д-р юрид. наук |
| f |
Даты |
1943- |
| g |
Полное личное имя |
Валерий Дмитриевич |
| 4 |
Код отношения |
070 |
| 801 |
Источник записи |
_0 |
| a |
Страна |
RU |
| b |
Организация |
РГБ |
| c |
Дата составления |
20170120 |
| g |
Правила каталогизации |
КиК/Коробейникова |
| 801 |
Источник записи |
_2 |
| a |
Страна |
RU |
| b |
Организация |
Муниципальное бюджетное учреждение культуры "Централизованная библиотечная система" г. Сургут (Центральная городская библиотека им. А. С. Пушкина) |
| c |
Дата составления |
20170120 |
| 852 |
Данные о местонахождении |
__ |
| j |
Шифр хранения |
67.02 |
| i |
Авторский знак |
З-86 |
| 901 |
Тип документа |
__ |
| t |
Тип документа |
m |
| 903 |
Характеристики (МАРС) |
__ |
| a |
Дата передачи |
20170120 |
| 990 |
Данные о заказе (DOS) |
__ |
| j |
Количество экземпляров (DOS) |
1 |
| t |
N записи в КСУ для И/У (DOS) |
201702 |